000 00411nam a2200145Ia 4500
008 220214s9999 xx 000 0 und d
022 _a0258-9737
245 0 _aRUBBER SOUTHERN AFRICA
260 _bGeorge Warman Publishers Ltd., Cape Town
_aS Africa
310 _aBM
500 _aEnding Volume & Year: 9, 1994
500 _aMissing Volume: 2(4);6
500 _aStarting Volume & Year: 1, 1985
942 _cBJ
999 _c16933
_d16933